000 01108cam a2200325 a 4500
999 _c41827
_d41827
001 16306922
003 OSt
005 20221115111253.0
008 100628s2011 maua b 001 0 eng
010 _a 2010025052
020 _a9789332518865
020 _a9780131392052 (hc : alk. paper)
020 _a0131392050 (hc : alk. paper)
035 _a(OCoLC)ocn645246189
040 _aDLC
_cDLC
_dYDX
_dYDXCP
_dYYP
_dDLC
042 _apcc
050 0 0 _aTK5105
_b.S73 2011
082 0 0 _a004.6
_222
_bSTA/D
100 1 _aStallings, William
_99313
245 1 0 _aData and computer communications /
_cWilliam Stallings.
250 _a9th ed.
260 _aBoston :
_bPrentice Hall,
_cc2011.
300 _axxv, 853 p. :
_bill. ;
_c24 cm.
504 _aIncludes bibliographical references and index.
650 0 _aData transmission systems.
650 0 _aComputer networks.
906 _a7
_bcbc
_corignew
_d1
_eecip
_f20
_gy-gencatlg
942 _2ddc
_cBK
_h004.6
_iSTA/D
_k004.6
_mSTA/D